[Event "Reykjavik op"]
[Site "Reykjavik"]
[Date "2025.04.13"]
[Round "7"]
[White "Soderberg, Kevin"]
[Black "Mathews, Hans Christian"]
[Result "0-1"]
[WhiteElo "1944"]
[BlackElo "2196"]
[PlyCount "64"]
[EventDate "2025.04.09"]
[EventType "swiss"]
[EventRounds "9"]
[EventCountry "ISL"]
[SourceTitle "CB17_2025"]
[SourceDate "2025.04.23"]
[SourceVersion "1"]
[SourceVersionDate "2025.04.23"]
[SourceQuality "1"]

1. Nf3 d5 2. b3 Nf6 3. Bb2 e6 4. g3 b6 5. Bg2 Bb7 6. 0-0 Bd6 7. d4 0-0 8. Nbd2 c5 9. e3 Nc6 10. c4 Rc8 11. Ne5 cxd4 12. exd4 Na5 13. Rc1 Qe7 14. Qe2 Ba6 15. Bc3 Bb4 16. Rfd1 Rc7 17. Qe1 Bxc3 18. Rxc3 Rfc8 19. Bf1 dxc4 20. Rdc1 Nd5 21. Rxc4 Nxc4 22. bxc4 Nf6 23. Ne4 Nxe4 24. Qxe4 Bb7 25. Qe3 f6 26. Nd3 Ba6 27. Nf4 Bxc4 28. Rxc4 Rxc4 29. Bxc4 Rxc4 30. Nxe6 Qd7 31. f4 Qd5 32. Ng5 Qxd4 0-1

[Event "Baden-ch U16"]
[Site "Bad Mergentheim"]
[Date "2003.01.05"]
[Round "6"]
[White "Mathews, Hans Christian"]
[Black "Strohhaeker, Ralph"]
[Result "0-1"]
[WhiteElo "1235"]
[BlackElo "1837"]
[PlyCount "51"]
[EventDate "2003.01.??"]
[EventType "swiss"]
[EventRounds "7"]
[EventCountry "GER"]
[SourceTitle "EXT 2005"]
[Source "ChessBase"]
[SourceDate "2004.11.15"]
[SourceVersion "1"]
[SourceVersionDate "2004.11.15"]
[SourceQuality "1"]

1. e4 c5 2. Nf3 Nc6 3. d4 cxd4 4. Nxd4 Nf6 5. Nc3 e6 6. Be2 Bb4 7. Bg5 Qa5 8. Nxc6 Bxc3+ 9. bxc3 Qxc3+ 10. Bd2 Qxc6 11. e5 Nd5 12. 0-0 0-0 13. Bf3 a5 14. Bg5 Re8 15. Rc1 b5 16. Bf6 gxf6 17. exf6 Qc4 18. Qd2 Qh4 19. c4 bxc4 20. Rxc4 Qxf6 21. Rg4+ Kf8 22. Bxd5 exd5 23. Qxd5 Ra6 24. Qc5+ d6 25. Qb5 Bxg4 26. Qxa6 0-1

[Event "Baden-ch U16"]
[Site "Bad Mergentheim"]
[Date "2003.01.03"]
[Round "2"]
[White "Alperowitz, Simon"]
[Black "Mathews, Hans Christian"]
[Result "1/2-1/2"]
[WhiteElo "1387"]
[BlackElo "1235"]
[PlyCount "43"]
[EventDate "2003.01.??"]
[EventType "swiss"]
[EventRounds "7"]
[EventCountry "GER"]
[SourceTitle "EXT 2005"]
[Source "ChessBase"]
[SourceDate "2004.11.15"]
[SourceVersion "1"]
[SourceVersionDate "2004.11.15"]
[SourceQuality "1"]

1. e4 e5 2. Nf3 Nc6 3. Bc4 Bc5 4. d3 Nf6 5. Nc3 h6 6. 0-0 d6 7. Na4 Bb6 8. Nxb6 axb6 9. c3 Na5 10. Bb5+ Bd7 11. Bxd7+ Qxd7 12. Be3 0-0 13. Nd2 Ng4 14. Qe2 f5 15. h3 Nxe3 16. Qxe3 f4 17. Qe2 Rae8 18. Nf3 g5 19. Nh2 Kg7 20. Qh5 Qf7 21. Qg4 Qe6 22. Qxe6 1/2-1/2